| 000 | 01151cam a22002894a 4500 | ||
|---|---|---|---|
| 999 |
_c28041 _d28041 |
||
| 001 | 15912321 | ||
| 003 | OSt | ||
| 005 | 20170213122825.0 | ||
| 008 | 090918s2010 nyua 001 0 eng | ||
| 010 | _a 2009038816 | ||
| 020 | _a9781555953027 | ||
| 040 |
_aDLC _cDLC _dDLC |
||
| 043 | _an-us--- | ||
| 050 | 0 | 0 | _aN6510.T6C58 2009 |
| 082 | 0 | 0 |
_a709.73 _222 |
| 100 | 1 |
_aCleveland, David Adams. _d2009. |
|
| 245 | 1 | 2 |
_aA history of American tonalism : _b1880-1920 / _cby David A. Cleveland ; foreword by John Wilmerding. |
| 250 | _a1st Ed. | ||
| 260 |
_aNew York : _bHudson Hills Press, _c2009. |
||
| 300 |
_axxix, 609 p. : _bcol. ill. ; _c31 cm. |
||
| 500 | _aIncludes index. | ||
| 650 | 0 |
_aTonalism _zUnited States. |
|
| 650 | 0 |
_aArt, American _y19th century. |
|
| 650 | 0 |
_aArt, American _y20th century. |
|
| 906 |
_a7 _bcbc _corignew _d1 _eecip _f20 _gy-gencatlg |
||
| 942 |
_2lcc _cBOOKS _hN6510.T6C58 2009 _k35835 |
||